Manipulations d'analyse biochimique / (Record no. 22295)

000 -LEADER
fixed length control field 00491cam a2200193 i 4500
020 ## - INTERNATIONAL STANDARD BOOK NUMBER
ISBN 2704008361
040 ## - CATALOGING SOURCE
Transcribing agency DLC
082 00 - DEWEY DECIMAL CLASSIFICATION NUMBER
Classification number 574 WAL 1996 C260 Or.
100 ## - MAIN ENTRY--AUTHOR NAME
Personal name WALLACH.J.
245 10 - TITLE STATEMENT
Title Manipulations d'analyse biochimique /
260 ## - PUBLICATION, DISTRIBUTION, ETC. (IMPRINT)
Place of publication Paris :
Name of publisher Doin,
Year of publication 1996.
300 ## - PHYSICAL DESCRIPTION
Number of Pages x, 274 p. :
Other physical details ill. ;
Dimensions 24 cm.
490 0# - SERIES STATEMENT
Series statement Biologie appliquée
650 #0 - SUBJECT ADDED ENTRY--TOPICAL TERM
Topical Term Biochemistry
650 #0 - SUBJECT ADDED ENTRY--TOPICAL TERM
Topical Term Analytical chemistry.
700 1# - ADDED ENTRY--PERSONAL NAME
Personal name Figarella, Jean,
700 1# - ADDED ENTRY--PERSONAL NAME
Personal name Zonszain, F.,
942 ## - ADDED ENTRY ELEMENTS (KOHA)
Koha item type ADB
952 ## - LOCATION AND ITEM INFORMATION (KOHA)
Withdrawn status [LOCAL, KOHA] 0
Holdings
Permanent Location Date acquired Koha item type Lost status Shelving location Barcode Current Location Full call number
Library Block C2023-12-04ADB C260a22325Library Block C574 WAL 1996 C260 Or.
មជ្ឈមណ្ឌលឯការនៃសាកលវិទ្យាល័យភូមិន្ទកសិកម្មចំការដូង

Powered by Koha